Cơ sở lý thuyết hóa đại cương
Zapisane w:
| 1. autor: | |
|---|---|
| Format: | Książka |
| Język: | Undetermined |
| Wydane: |
Tp. HCM
Trường Đại học Tổng hợp Tp. HCM
1995
|
| Hasła przedmiotowe: | |
| Etykiety: |
Dodaj etykietę
Nie ma etykietki, Dołącz pierwszą etykiete!
|
| Thư viện lưu trữ: | Trung tâm Học liệu Trường Đại học Cần Thơ |
|---|
| LEADER | 00540nam a2200169Ia 4500 | ||
|---|---|---|---|
| 001 | CTU_35594 | ||
| 008 | 210402s9999 xx 000 0 und d | ||
| 082 | |a 541.2 | ||
| 082 | |b S464/T1 | ||
| 100 | |a Chu Phạm Ngọc Sơn | ||
| 245 | 0 | |a Cơ sở lý thuyết hóa đại cương | |
| 245 | 0 | |c Chu Phạm Ngọc Sơn, Đặng Văn Thành | |
| 260 | |a Tp. HCM | ||
| 260 | |b Trường Đại học Tổng hợp Tp. HCM | ||
| 260 | |c 1995 | ||
| 650 | |a chemistry | ||
| 980 | |a Trung tâm Học liệu Trường Đại học Cần Thơ | ||